<?xml version="1.0" encoding="UTF-8"?><?xml-stylesheet type="text/xsl" href="static/style.xsl"?><OAI-PMH xmlns="http://www.openarchives.org/OAI/2.0/" xmlns:xsi="http://www.w3.org/2001/XMLSchema-instance" xsi:schemaLocation="http://www.openarchives.org/OAI/2.0/ http://www.openarchives.org/OAI/2.0/OAI-PMH.xsd"><responseDate>2026-06-07T07:48:33Z</responseDate><request verb="GetRecord" identifier="oai:riuma.uma.es:10630/24432" metadataPrefix="marc">https://riuma.uma.es/rest/oai/request</request><GetRecord><record><header><identifier>oai:riuma.uma.es:10630/24432</identifier><datestamp>2026-02-03T12:33:50Z</datestamp><setSpec>com_10630_2254</setSpec><setSpec>col_10630_37959</setSpec></header><metadata><record xmlns="http://www.loc.gov/MARC21/slim" xmlns:dcterms="http://purl.org/dc/terms/" xmlns:doc="http://www.lyncode.com/xoai" xmlns:xsi="http://www.w3.org/2001/XMLSchema-instance" xsi:schemaLocation="http://www.loc.gov/MARC21/slim http://www.loc.gov/standards/marcxml/schema/MARC21slim.xsd">
   <leader>00925njm 22002777a 4500</leader>
   <datafield ind2=" " ind1=" " tag="042">
      <subfield code="a">dc</subfield>
   </datafield>
   <datafield ind2=" " ind1=" " tag="720">
      <subfield code="a">Romero-Rodríguez, Beatriz</subfield>
      <subfield code="e">author</subfield>
   </datafield>
   <datafield ind2=" " ind1=" " tag="720">
      <subfield code="a">Kriznik, Maja</subfield>
      <subfield code="e">author</subfield>
   </datafield>
   <datafield ind2=" " ind1=" " tag="720">
      <subfield code="a">Morilla, Ian</subfield>
      <subfield code="e">author</subfield>
   </datafield>
   <datafield ind2=" " ind1=" " tag="720">
      <subfield code="a">Petek, Marko</subfield>
      <subfield code="e">author</subfield>
   </datafield>
   <datafield ind2=" " ind1=" " tag="720">
      <subfield code="a">Jiao, Chen</subfield>
      <subfield code="e">author</subfield>
   </datafield>
   <datafield ind2=" " ind1=" " tag="720">
      <subfield code="a">Fei, Zhangjun</subfield>
      <subfield code="e">author</subfield>
   </datafield>
   <datafield ind2=" " ind1=" " tag="720">
      <subfield code="a">Gruden, Kristina</subfield>
      <subfield code="e">author</subfield>
   </datafield>
   <datafield ind2=" " ind1=" " tag="720">
      <subfield code="a">Rodríguez-Bejarano, Eduardo</subfield>
      <subfield code="e">author</subfield>
   </datafield>
   <datafield ind2=" " ind1=" " tag="720">
      <subfield code="a">Castillo-Garriga, Araceli</subfield>
      <subfield code="e">author</subfield>
   </datafield>
   <datafield ind2=" " ind1=" " tag="260">
      <subfield code="c">2022</subfield>
   </datafield>
   <datafield ind2=" " ind1=" " tag="520">
      <subfield code="a">Geminiviruses constitute the largest family&#xd;
of plant-infecting viruses with small,&#xd;
single- stranded DNA genomes that replicate&#xd;
through double-stranded DNA&#xd;
intermediates. Because of their limited&#xd;
coding capacity, geminiviruses use&#xd;
plant nuclear machinery to amplify their&#xd;
genomes, which are packaged into nucleosomes&#xd;
forming chromatin as multiple&#xd;
circular minichromosomes. Thus,&#xd;
viral minichromosomes must encounter&#xd;
the nuclear pathways that regulate host&#xd;
gene expression and chromatin states.&#xd;
DNA methylation and post-transcriptional&#xd;
gene silencing play critical roles&#xd;
in controlling infection of geminiviruses&#xd;
and this pathogen can counteract these&#xd;
host defense mechanisms and promote&#xd;
its infectivity. Tomato Yellow Leaf&#xd;
Curl Virus (TYLCV) belongs to the Begomovirus&#xd;
genus and is transmitted by the&#xd;
whitefly Bemisia tabaci. With only seven&#xd;
viral proteins, TYLCV must create a proper&#xd;
environment for viral replication,&#xd;
transcription, and propagation. Behind&#xd;
the apparent simplicity of geminiviruses&#xd;
lies a complex network of molecular interactions&#xd;
with their host and their natural&#xd;
vector, which induces a wide variety&#xd;
of transcriptional, post-transcriptional&#xd;
and chromatin changes in the host. To&#xd;
better understand this virus-host interaction&#xd;
at a genetic and epigenetic level&#xd;
we carried out a global approach of the&#xd;
TYLCV-tomato interaction to generate&#xd;
integrated single-base resolution maps&#xd;
by Next-Generation Sequencing of the&#xd;
transcriptome, smallRNAome and methylome&#xd;
of the pathogen and the host.&#xd;
Total RNA and DNA was extracted from&#xd;
tomato–infected plants (three biological&#xd;
replicates) and analysed at 2, 7, 14&#xd;
and 21-day post-infection (dpi). Analysis&#xd;
of the changes in host transcription during&#xd;
the infection and its correlation with changes &#xd;
in sRNA profiles (microRNA and &#xd;
phasiRNA) and DNA methylation patterns&#xd;
will be presented and discussed.</subfield>
   </datafield>
   <datafield ind1="8" ind2=" " tag="024">
      <subfield code="a">https://hdl.handle.net/10630/24432</subfield>
   </datafield>
   <datafield tag="653" ind2=" " ind1=" ">
      <subfield code="a">Virus fitopatógenos</subfield>
   </datafield>
   <datafield tag="653" ind2=" " ind1=" ">
      <subfield code="a">Tomates - Enfermedades y plagas</subfield>
   </datafield>
   <datafield ind2="0" ind1="0" tag="245">
      <subfield code="a">Whole genome, transcriptome, smallRNAome and methylome profiling during tomato-geminivirus interaction</subfield>
   </datafield>
</record>
</metadata></record></GetRecord></OAI-PMH>